Fr. Conceicao Rodrigues College of Engineering

Mastering Electronic & Electrical Calculations (Record no. 33205)

MARC details
000 -LEADER
fixed length control field 00340nam a2200145Ia 4500
100 ## - MAIN ENTRY--PERSONAL NAME
Personal name Morris/Noel M
245 ## - TITLE STATEMENT
Title Mastering Electronic & Electrical Calculations
260 ## - PUBLICATION, DISTRIBUTION, ETC.
Name of publisher, distributor, etc. Macmillan
Place of publication, distribution, etc. New Delhi
Date of publication, distribution, etc. 1996
300 ## - PHYSICAL DESCRIPTION
Extent 452
546 ## - LANGUAGE NOTE
Language note ENGLISH
650 ## - SUBJECT ADDED ENTRY--TOPICAL TERM
Topical term or geographic name entry element Electrical Engineering
654 ## - SUBJECT ADDED ENTRY--FACETED TOPICAL TERMS
Focus term Computer
942 ## - ADDED ENTRY ELEMENTS (KOHA)
Koha item type BOOK
Holdings
Withdrawn status Lost status Damaged status Not for loan Collection Home library Current library Date acquired Total Checkouts Full call number Barcode Date last seen Price effective from Koha item type
        CRC Fr. Agnel's C.Rodrigues College of Engineering Fr. Agnel's C.Rodrigues College of Engineering 17/03/2023   10342 17/03/2023 17/03/2023 BOOK